000 00685cam a22002054a 4500
005 20250605163940.0
008 250528s ||||||||||||||||||||||||d
035 _a15001
020 _a713135719
040 _aGR-AtMCL
_bgre
_dGR-AtMCL
_eAACR2
245 1 _aElectronic Processor Systems
260 _c1987
300 _a288
520 _aPreface, Introduction to Processor Elements and systems, Central Processing Units (CPUs), Memory Components and Hierarchy, External Connections (I-O), Software, Processor Systems and Applications and Alternatives, Index.
700 1 _aEdward Arnold
_9242
700 1 _aGibson R. J
_9828
942 _cBK
999 _c607
_d607